000 00380cam a22001217a 4500
008 180718b1984 xxu||||| |||| 00| 0 eng d
082 _aL231x54 T541
100 _aTitus, Varkey K.
245 _aAgricultural taxation in a developing economy: a case study of India
_cby Varkey K. Titus
260 _aBombay
_bAsia
_c1984
300 _a150p.
650 _aAgriculture - Taxation - India
999 _c355611
_d355611